| 000 | 00367cam a2200157ua 4500 | ||
|---|---|---|---|
| 041 |
_aeng _h |
||
| 082 |
_a823.308 _bAUS/MA |
||
| 100 | _aAusten, Jane . | ||
| 245 |
_aMansfield park / _cJane Austen. _hTextual Documents |
||
| 250 |
_a1 / _b. |
||
| 260 |
_aLondon : _bZodiac Press , _c1962. |
||
| 300 | _a353 ; . | ||
| 504 | _a | ||
| 942 | _cBK | ||
| 999 |
_c6809 _d6809 |
||